• 首页
  • 本馆介绍
  • 公告通知
  • 最新文献
  • 馆藏检索
  • 电子资源
  • 读者导购
  • 参考咨询
  • 我的图书馆
  • 登录
  • 详细信息显示
  • 放入我的书架
  • 预约/预借图书
  • 作者相关作品
  • 分类相关作品
  • 丛书相关作品
  • 出版社相关作品

书目信息

  • 表格格式
  • 工作单格式
  • 卡片格式
题名:
物理思维论
    
 
作者: 田世昆 , 胡卫平 著
分册:  
出版信息: 南宁   广西教育出版社  1996
页数: 259页
开本: 20cm
丛书名: 学科现代教育理论书系
单 册:
中图分类: O4-42 , G633.7
科图分类:
主题词: 物理--思维--教学理论 , 教育--各级
电子资源:
ISBN: 7-5435-2545-3
000 00840nam2 2200289 450
001 1570524507
005 20150203193626.64
010    @a7-5435-2545-3@dCNY15.00
010    @a7-5435-2546-1@b精装@dCNY19.50
100    @a20021005d1996 kemy0chiy0110 ea
101 0  @achi
102    @aCN@b450000
105    @ay z 000yy
200 1  @a物理思维论@9wu li si wei lun@f田世昆,胡卫平著
210    @a南宁@c广西教育出版社@d1996
215    @a259页@d20cm
225 2  @a学科现代教育理论书系@i物理
300    @a国家“九五”重点图书出版规划项目
461  0 @12001 @a学科现代教育理论书系
606 0  @a物理@x思维@x教学理论
606 0  @a教育@x各级
690    @aO4-42@v5
690    @aG633.7@v4
701  0 @a田世昆@9tian shi kun@4著
701  0 @a胡卫平@9hu wei ping@f(1964~)@4著
801  0 @aCN@bTSSF@c20150203
905    @aZUCC@dG633.7@eJY11
    
    物理思维论/田世昆,胡卫平著.-南宁:广西教育出版社,1996
    259页;20cm.-(学科现代教育理论书系.物理)
    国家“九五”重点图书出版规划项目
    
    ISBN 7-5435-2545-3:CNY15.00
    
●
相关链接 在E读中查询图书 在五车中查询图书 在当当中查询图书 在豆瓣中查询图书


正题名:物理思维论     索取号:G633.7/JY11         预约/预借

序号 登录号 条形码 馆藏地/架位号 状态 备注
1 7841169   278411693   学院路分馆/ [索取号:G633.7/JY11] 在馆    
2 7841170   278411700   学院路分馆/ [索取号:G633.7/JY11] 在馆    
3 7841171   278411719   学院路分馆/ [索取号:G633.7/JY11] 在馆    
唐山师范学院图书馆 欢迎您!
大连网信软件有限公司© 版权所有